| 000 | 00456cam a22001814a 4500 | ||
|---|---|---|---|
| 005 | 20250605164036.0 | ||
| 008 | 250528s ||||||||||||||||||||||||d | ||
| 035 | _a16801 | ||
| 020 | _a140510524 | ||
| 040 |
_aGR-AtMCL _bgre _dGR-AtMCL _eAACR2 |
||
| 245 | 1 | _aA Critical Dictionary of Psychoanalysis | |
| 260 |
_bPenguin Books, _c1972 |
||
| 300 | _a198 | ||
| 700 | 1 |
_aRycroft Charles _92897 |
|
| 942 | _cBK | ||
| 999 |
_c2264 _d2264 |
||